Relationship management in sales - development of a model to improve companies' sales activities dizertačná práca
Saved in:
| Main Author: | |
|---|---|
| Corporate Author: | |
| Other Authors: | |
| Format: | Book |
| Language: | English |
| Published: |
Bratislava
2024
|
| Tags: |
No Tags, Be the first to tag this record!
|
MARC
| LEADER | 00000nbm a2200000 4500 | ||
|---|---|---|---|
| 001 | 0304056 | ||
| 005 | 20250806101742.3 | ||
| 041 | 0 | |a eng | |
| 044 | |a SK | ||
| 245 | 1 | 0 | |a Relationship management in sales - development of a model to improve companies' sales activities |b dizertačná práca |c Tobias Barthelt ; školiteľ: Peter Markovič |
| 264 | 1 | |a Bratislava |c 2024 | |
| 300 | |a 133 s. | ||
| 100 | 1 | |a Barthelt, Tobias, 1989- | |
| 700 | 1 | |a Markovič, Peter, 1974- | |
| 710 | 2 | |a Fakulta podnikového manažmentu EU. Katedra podnikových financií | |